น้อมใจภักดิ์องค์ราชันย์ (ระเบียนเลขที่ 64761)
| 000 -LEADER | |
|---|---|
| fixed length control field | 01388nam a22002537a 4500 |
| 005 - DATE AND TIME OF LATEST TRANSACTION | |
| control field | 20210325205916.0 |
| 008 - FIXED-LENGTH DATA ELEMENTS--GENERAL INFORMATION | |
| fixed length control field | s2554 th ||||| |||| 00| 0 tha d |
| 020 ## - INTERNATIONAL STANDARD BOOK NUMBER | |
| International Standard Book Number | 9789744967954 |
| 050 ## - LIBRARY OF CONGRESS CALL NUMBER | |
| Classification number | GT1520 น358 2554 |
| 245 10 - TITLE STATEMENT | |
| Title | น้อมใจภักดิ์องค์ราชันย์ |
| 260 3# - PUBLICATION, DISTRIBUTION, ETC. | |
| Place of publication, distribution, etc. | กรุงเทพฯ : |
| Name of publisher, distributor, etc. | อมรินทร์พริ้นติ้งแอนด์พับลิชชิ่ง, |
| Date of publication, distribution, etc. | 2554 |
| 300 ## - PHYSICAL DESCRIPTION | |
| Extent | 344 หน้า : |
| Other physical details | ภาพประกอบ ; |
| Dimensions | 34 ซม. |
| 610 ## - SUBJECT ADDED ENTRY--CORPORATE NAME | |
| Corporate name or jurisdiction name as entry element | สโมสรซอนต้ากรุงเทพ |
| 650 04 - SUBJECT ADDED ENTRY--TOPICAL TERM | |
| Topical term or geographic name entry element | วิวัฒนาการการแต่งกาย -- ไทย |
| 650 04 - SUBJECT ADDED ENTRY--TOPICAL TERM | |
| Topical term or geographic name entry element | การออกแบบเครื่องแต่งกาย -- ไทย |
| 650 04 - SUBJECT ADDED ENTRY--TOPICAL TERM | |
| Topical term or geographic name entry element | เครื่องแต่งกาย -- ไทย -- สมัยรัตนโกสินทร์, 2325-- |
| 650 04 - SUBJECT ADDED ENTRY--TOPICAL TERM | |
| Topical term or geographic name entry element | เครื่องแต่งกาย -- ประวัติ -- สมัยรัตนโกสินทร์, 2325-- |
| 650 04 - SUBJECT ADDED ENTRY--TOPICAL TERM | |
| Topical term or geographic name entry element | สตรี -- ไทย -- เครื่องแต่งกาย |
| 850 ## - HOLDING INSTITUTION | |
| Holding institution | NALT |
| 942 ## - ADDED ENTRY ELEMENTS (KOHA) | |
| Koha item type | General Book |
| Koha issues (borrowed), all copies | 1 |
| 997 ## - | |
| -- | 40092 ฉ.1 /40093 ฉ.2 |
| 997 ## - | |
| -- | 000000000064761 |
| 998 ## - LOCAL CONTROL INFORMATION (RLIN) | |
| -- | นางสุกัญญา กัลยา |
| Withdrawn status | Lost status | Damaged status | Not for loan | Collection code | Home library | Current library | Source of acquisition | Cost, normal purchase price | Total Checkouts | Full call number | Barcode | Date last seen | Copy number | Cost, replacement price | Price effective from | Koha item type | Date last checked out |
|---|---|---|---|---|---|---|---|---|---|---|---|---|---|---|---|---|---|
| General Book collection | National Assembly Library of Thailand | National Assembly Library of Thailand | จัดซื้อทรัพยากร | 999.00 | GT 1520 น358 2554 | 3961187598 | 09/06/2017 | ฉ. 2 | 1049.00 | 09/06/2017 | General Book | ||||||
| General Book collection | National Assembly Library of Thailand | National Assembly Library of Thailand | จัดซื้อทรัพยากร | 999.00 | 1 | GT 1520 น358 2554 | 3961187597 | 15/02/2018 | ฉ. 1 | 1049.00 | 09/06/2017 | General Book | 07/02/2018 |
